000 00622nam a2200193 i 4500
001 144452
003 ES-MaACL
005 20230906201023.0
007 t|
008 070214s1968 sp f |||| | spa d
245 0 3 _aEl sistema nervioso central /
_cpor P. Gómez Bosque ... [et al.].
260 _aValladolid :
_bUniversidad,
_c1968 (
_fSever)
300 _a2 v., lám. ;
_c32 cm.
505 8 _aContiene: I. Texto - II. Iconografía
650 4 _aSistema nervioso central.
_9147112
700 1 _aGómez Bosque, Pedro (
_d1920-2008)
_957843
710 2 _aUniversidad de Valladolid.
_97332
852 _aES-MaACL
_jP-1314
999 _c144452
_d144452